000 00590nam a2200253Ia 4500
005 20260121160632.0
008 008 260114s9999 xx 000 0 eng d
020 _a9781315731698
037 _aEBOOK
040 _aCRL
040 _beng
040 _cCRL
041 _2eng
041 _aeng
084 _qCRL
100 _a Lee Rodney
_91034398
245 0 _aLooking Beyond Borderlines
260 _bTaylor and Francis
260 _c2017
856 _uhttp://www.taylorfrancis.com/books/9781315731698
942 _cEBOOK
999 _c1601214
_d1601214